[Event "Continental"]
[Site "Sao Paulo BRA"]
[Date "2009.07.30"]
[Round "7.40"]
[White "Cori Tello, Deysi"]
[Black "Madeira, Wagner Martins"]
[Result "1-0"]
[WhiteElo "2390"]
[BlackElo "2184"]
[EventDate "2009.07.25"]
[PlyCount "89"]

1.d4 Nf6 2.Nf3 g6 3.c4 Bg7 4.g3 O-O 5.Bg2 d6 6.Nc3 c6 7.O-O Qa5 8.e4 e5 9.
h3 Nbd7 10.Re1 Re8 11.a3 exd4 12.Nxd4 Ne5 13.Bf1 Be6 14.Nxe6 Rxe6 15.Kg2 
Rae8 16.f4 Ned7 17.Bd3 Qc7 18.Qf3 Nc5 19.Bd2 Qe7 20.f5 Re5 21.Bf4 Nh5 22.
Bc2 Qf8 23.b4 Nd7 24.Rad1 a5 25.c5 d5 26.Bxe5 Nxe5 27.Qf1 Nc4 28.Nb1 Bh6 
29.Bb3 Ne3+ 30.Rxe3 Bxe3 31.exd5 Qe7 32.fxg6 hxg6 33.dxc6 bxc6 34.Re1 Qe5 
35.Qxf7+ Kh8 36.Qxg6 Rf8 37.Qh6+ Bxh6 38.Rxe5 Nf6 39.Re6 axb4 40.axb4 Kg7 
41.Re7+ Kh8 42.b5 cxb5 43.c6 Ne8 44.Be6 Be3 45.Rxe8 1-0

[Event "Continental"]
[Site "Sao Paulo BRA"]
[Date "2009.07.30"]
[Round "7.41"]
[White "Cornejo, Max"]
[Black "Barrera Meza, Carlos"]
[Result "1-0"]
[WhiteElo "2371"]
[BlackElo "2177"]
[EventDate "2009.07.25"]
[PlyCount "95"]

1.e4 e5 2.Nf3 Nc6 3.Nc3 Nf6 4.a3 Be7 5.d4 d6 6.Bb5 exd4 7.Nxd4 Bd7 8.Nxc6 
Bxc6 9.Bxc6+ bxc6 10.O-O O-O 11.Qe2 Qd7 12.h3 Qe6 13.Re1 Nd7 14.Bd2 Bf6 
15.Qa6 Nb6 16.b3 Bd4 17.Qd3 Qf6 18.Re2 Nd7 19.Rae1 Rfe8 20.Nd1 Ne5 21.Qg3 
Ng6 22.Qg5 Qe6 23.Kf1 h6 24.Qf5 Qxf5 25.exf5 Rxe2 26.Rxe2 Nh4 27.Re4 Bf6 
28.Ne3 h5 29.Rc4 c5 30.Bc3 Bxc3 31.Rxc3 g6 32.fxg6 Nxg6 33.Nd5 c6 34.Nf6+ 
Kf8 35.Nxh5 Ke7 36.Re3+ Kd7 37.Nf6+ Kc7 38.h4 d5 39.h5 Nh8 40.f4 a5 41.g3 
a4 42.bxa4 Rxa4 43.Re8 Rxa3 44.Rxh8 Rxg3 45.h6 Rf3+ 46.Ke2 Rxf4 47.h7 Rh4 
48.Rf8 1-0

[Event "Continental"]
[Site "Sao Paulo BRA"]
[Date "2009.07.30"]
[Round "7.42"]
[White "Salazar, Carlos"]
[Black "Brito, Luismar"]
[Result "0-1"]
[WhiteElo "2189"]
[BlackElo "2351"]
[EventDate "2009.07.25"]
[PlyCount "152"]

1.e4 c5 2.Nf3 d6 3.Bb5+ Bd7 4.Bxd7+ Qxd7 5.O-O e6 6.c3 Nc6 7.d4 Nf6 8.Re1 
cxd4 9.cxd4 d5 10.e5 Ne4 11.Nbd2 Nxd2 12.Bxd2 Be7 13.Rc1 O-O 14.Bg5 f6 15.
exf6 Bxf6 16.Bxf6 gxf6 17.Rc3 Rae8 18.Rce3 Kh8 19.Qe2 Nd8 20.Nh4 Rg8 21.f4
Qa4 22.Nf3 Ref8 23.Ra3 Qb4 24.Qd2 Qb6 25.Kh1 a6 26.g3 Rf7 27.Rc3 Rc7 28.
Rxc7 Qxc7 29.Rc1 Qf7 30.Qd3 Nc6 31.Re1 Qh5 32.Kg2 Qg4 33.Qe3 Re8 34.Qd3 
Re7 35.a3 Qg6 36.Qd2 Kg8 37.b4 Qe8 38.Qd3 Na7 39.f5 Nb5 40.fxe6 Rxe6 41.
Rxe6 Qxe6 42.a4 Nd6 43.Nd2 Qe1 44.Kh3 Kg7 45.b5 axb5 46.axb5 Qf2 47.Nf3 
Ne4 48.Qa3 Kf7 49.Qb3 Ke6 50.Qa3 Ng5+ 51.Nxg5+ fxg5 52.Qa8 Qf1+ 53.Kg4 
Qf5+ 54.Kh5 Qg6+ 55.Kg4 h5+ 56.Kh3 Qf5+ 57.Kg2 Qe4+ 58.Kh3 Qg4+ 59.Kg2 
Qe2+ 60.Kg1 Qxb5 61.Qc8+ Qd7 62.Qh8 Qf7 63.Qe5+ Kd7 64.Qxg5 b5 65.Qd2 Qf3 
66.Qa5 Qd3 67.Qb6 Qc4 68.Qa7+ Ke6 69.Kg2 b4 70.Qb6+ Kf5 71.h3 b3 72.Qh6 
Qe2+ 73.Kg1 Ke4 74.Qe6+ Kd3 75.Qxd5 Kc3 76.Qb7 Qd1+ 0-1

[Event "Continental"]
[Site "Sao Paulo BRA"]
[Date "2009.07.30"]
[Round "7.43"]
[White "Soto Vega, Jorge"]
[Black "Souza, Marcos Valerio"]
[Result "0-1"]
[WhiteElo "2341"]
[BlackElo "2169"]
[EventDate "2009.07.25"]
[PlyCount "88"]

1.e4 e5 2.Nf3 Nc6 3.Bb5 a6 4.Ba4 Nf6 5.d3 Bc5 6.O-O b5 7.Bb3 O-O 8.a4 Bb7 
9.Nc3 b4 10.Nd5 h6 11.c3 d6 12.a5 Rb8 13.Qe2 Re8 14.Bd2 Bc8 15.Bc4 Nxd5 
16.Bxd5 Ne7 17.Bc4 Nc6 18.Be3 Qf6 19.Nd2 bxc3 20.bxc3 Rb2 21.Bxc5 dxc5 22.
Qe3 Qe7 23.Bd5 Nd8 24.f4 exf4 25.Rxf4 Be6 26.Bxe6 Nxe6 27.Rg4 Kh7 28.e5 
Nf8 29.d4 cxd4 30.cxd4 Qb4 31.Rd1 c5 32.Ne4 cxd4 33.Qf4 Qb3 34.Re1 Ng6 35.
Rxg6 fxg6 36.Nd6 Qd5 37.Re4 Re7 38.h4 Rb1+ 39.Kh2 d3 40.Nc4 Qe6 41.Qg3 Rd7
42.Qf4 Rb4 43.Nb6 Rxe4 44.Qxe4 Rd8 0-1

[Event "Continental"]
[Site "Sao Paulo BRA"]
[Date "2009.07.30"]
[Round "7.44"]
[White "Romero Pino, Claudio"]
[Black "Condori Aranya, Edwin"]
[Result "1/2-1/2"]
[WhiteElo "2299"]
[BlackElo "2160"]
[EventDate "2009.07.25"]
[PlyCount "122"]

1.d4 Nf6 2.c4 g6 3.Nc3 Bg7 4.e4 d6 5.Be2 O-O 6.Nf3 e5 7.d5 a5 8.Bg5 h6 9.
Bh4 Na6 10.Nd2 Qe8 11.a3 Bd7 12.b3 g5 13.Bg3 Nxe4 14.Ndxe4 f5 15.O-O fxe4 
16.Nxe4 b6 17.Bg4 Qc8 18.Bxd7 Qxd7 19.f3 Nc5 20.b4 Nxe4 21.fxe4 Rxf1+ 22.
Kxf1 Qf7+ 23.Kg1 Qg6 24.bxa5 Rxa5 25.Qd3 Ra8 26.h3 Qe8 27.Be1 Qa4 28.Bb4 
Rf8 29.Qd1 Qe8 30.a4 Qg6 31.Qe2 Rf4 32.Re1 h5 33.a5 bxa5 34.Bxa5 Rf7 35.
Rf1 Bf6 36.Qf3 Kg7 37.Qf5 Qxf5 38.Rxf5 Rd7 39.Rf1 Bd8 40.Rc1 g4 41.c5 Bg5 
42.cxd6 cxd6 43.Rc7 Rxc7 44.Bxc7 Be7 45.hxg4 hxg4 46.Kf2 Kg6 47.Ba5 Kh5 
48.Bd2 Kg6 49.Ke2 Kf7 50.Bb4 Kg6 51.Kd3 Kf7 52.Ba3 Ke8 53.Bc1 Kf7 54.Be3 
Ke8 55.Bf2 Kf7 56.Kc4 Ke8 57.Be3 Kd7 58.Kb5 Bh4 59.Bd2 Be7 60.Kc4 Ke8 61.
Kb4 Kd7 1/2-1/2

[Event "Continental"]
[Site "Sao Paulo BRA"]
[Date "2009.07.30"]
[Round "7.45"]
[White "Aranha Filho, Alvaro Zimmermann"]
[Black "Utiyama, Marcel Heimar Ribeiro"]
[Result "1-0"]
[WhiteElo "2292"]
[BlackElo "2146"]
[EventDate "2009.07.25"]
[PlyCount "95"]

1.d4 Nf6 2.c4 g6 3.Nc3 d5 4.cxd5 Nxd5 5.e4 Nxc3 6.bxc3 Bg7 7.Nf3 c5 8.Bb5+
Bd7 9.Bxd7+ Qxd7 10.O-O O-O 11.Rb1 Rd8 12.Qb3 cxd4 13.cxd4 Nc6 14.d5 Na5 
15.Qb4 b6 16.Bg5 Re8 17.Rbc1 h6 18.Be3 Rac8 19.Nd4 Bf8 20.Qb5 Qb7 21.Nc6 
Nxc6 22.dxc6 Qc7 23.g3 e6 24.Rfd1 Bd6 25.e5 Bc5 26.Bxc5 Qxe5 27.c7 bxc5 
28.Rxc5 Qf6 29.Rd7 e5 30.Rc6 Qg5 31.Qd5 Rf8 32.h4 Qf5 33.Kg2 Kg7 34.Rc3 e4
35.Qxf5 gxf5 36.Rc5 Kf6 37.Rd6+ Ke7 38.Ra6 Kd7 39.Rxa7 Kd6 40.Rxf5 Rxc7 
41.Rxc7 Kxc7 42.Rf6 Kd7 43.Rxh6 Ra8 44.Rf6 Ke7 45.Rf4 Ra4 46.h5 Kf8 47.Rg4
Rxa2 48.h6 1-0

[Event "Continental"]
[Site "Sao Paulo BRA"]
[Date "2009.07.30"]
[Round "7.46"]
[White "Batista, Renato Luiz"]
[Black "Gonzalez, Bolivar Ribeiro"]
[Result "0-1"]
[WhiteElo "2178"]
[BlackElo "2292"]
[EventDate "2009.07.25"]
[PlyCount "55"]

1.d4 Nf6 2.c4 c5 3.Nf3 cxd4 4.Nxd4 e5 5.Nb5 d5 6.cxd5 Bc5 7.e3 O-O 8.Be2 
a6 9.N5c3 e4 10.Nd2 Re8 11.a3 b5 12.b4 Bd6 13.Bb2 Nbd7 14.Nb3 Ne5 15.Na5 
Bg4 16.f3 exf3 17.gxf3 Nxf3+ 18.Kf2 Nh5 19.Bxf3 Qh4+ 20.Kg1 Rxe3 21.Bxg4 
Rae8 22.Bxh5 R8e5 23.Bf3 Rf5 24.Kg2 Qg5+ 25.Bg4 Rf4 26.h3 Qh4 27.Qe1 Rxe1 
28.Rhxe1 0-1

[Event "Continental"]
[Site "Sao Paulo BRA"]
[Date "2009.07.30"]
[Round "7.47"]
[White "Lucena, Lincoln"]
[Black "Viana da Costa, Fernando"]
[Result "0-1"]
[WhiteElo "2150"]
[BlackElo "2284"]
[EventDate "2009.07.25"]
[PlyCount "56"]

1.Nf3 g6 2.c4 c5 3.Nc3 Nc6 4.g3 Bg7 5.a3 Nf6 6.Bg2 O-O 7.O-O d5 8.cxd5 
Nxd5 9.Nxd5 Qxd5 10.d3 Qd6 11.Rb1 Be6 12.Be3 b6 13.Nd2 Bd5 14.Ne4 Qd7 15.
Re1 Rac8 16.f3 Nd4 17.Bxd4 Bxd4+ 18.e3 Bg7 19.Qc2 Rfd8 20.Red1 Bb7 21.Rd2 
a5 22.Rc1 a4 23.h4 f5 24.Nf2 Qc6 25.Kh2 e5 26.Nh3 c4 27.d4 exd4 28.Ng5 Re8
0-1

[Event "Continental"]
[Site "Sao Paulo BRA"]
[Date "2009.07.30"]
[Round "7.48"]
[White "Barbosa, Evandro Amorim"]
[Black "Jukemura, Leandro"]
[Result "1-0"]
[WhiteElo "2279"]
[BlackElo "2123"]
[EventDate "2009.07.25"]
[PlyCount "53"]

1.e4 c5 2.Nf3 e6 3.d4 cxd4 4.Nxd4 Nf6 5.Nc3 d6 6.Be3 a6 7.f3 b5 8.g4 Bb7 
9.Qd2 Nc6 10.Nxc6 Bxc6 11.O-O-O Qa5 12.Kb1 Nd7 13.Qf2 Rb8 14.Ne2 Ne5 15.
Nd4 Qc7 16.Bd3 Nc4 17.Bc1 a5 18.f4 a4 19.Rhf1 Bd7 20.g5 b4 21.Bxc4 Qxc4 
22.Qf3 Rc8 23.Qf2 g6 24.f5 gxf5 25.exf5 e5 26.Rfe1 Kd8 27.b3 1-0

[Event "Continental"]
[Site "Sao Paulo BRA"]
[Date "2009.07.30"]
[Round "7.49"]
[White "Andrade, Roberto Luiz Costa"]
[Black "Supi, Luis Paulo"]
[Result "1/2-1/2"]
[WhiteElo "2251"]
[BlackElo "2015"]
[EventDate "2009.07.25"]
[PlyCount "85"]

1.e4 c5 2.Nf3 Nc6 3.d4 cxd4 4.Nxd4 Nf6 5.Nc3 e5 6.Ndb5 d6 7.Bg5 a6 8.Na3 
b5 9.Bxf6 gxf6 10.Nd5 f5 11.g3 Bg7 12.Bg2 O-O 13.O-O fxe4 14.Bxe4 f5 15.
Bg2 e4 16.c3 Be6 17.Nc2 Kh8 18.Nce3 Ne7 19.f4 Nxd5 20.Nxd5 Rc8 21.Rf2 Rc5 
22.Rd2 Bxd5 23.Rxd5 Rxd5 24.Qxd5 Qb6+ 25.Kh1 Qf2 26.Rb1 e3 27.Qf3 Qd2 28.
Bf1 Re8 29.Qc6 Rf8 30.Qf3 h6 31.a3 Re8 32.Qe2 Qd5+ 33.Bg2 Qc4 34.Bf3 a5 
35.Qxc4 bxc4 36.Re1 Rb8 37.Re2 Rb3 38.Rc2 Rb5 39.Kg2 d5 40.Be2 Rb8 41.Kf3 
Re8 42.Bf1 Kh7 43.a4 1/2-1/2

[Event "Continental"]
[Site "Sao Paulo BRA"]
[Date "2009.07.30"]
[Round "7.50"]
[White "Pires, Marcos Vinicius Torsani"]
[Black "Avalos Parra, Joao"]
[Result "0-1"]
[WhiteElo "2100"]
[BlackElo "2243"]
[EventDate "2009.07.25"]
[PlyCount "82"]

1.e4 e5 2.Nf3 Nc6 3.Bb5 a6 4.Ba4 Nf6 5.Qe2 b5 6.Bb3 Bc5 7.c3 O-O 8.d3 h6 
9.O-O d6 10.Be3 Re8 11.Nbd2 Na5 12.Bc2 Bxe3 13.fxe3 c5 14.Nh4 Be6 15.Qf2 
Ng4 16.Qg3 Nxe3 17.Qxe3 Qxh4 18.Rf3 Rac8 19.Rg3 d5 20.Nf3 Qf4 21.Qe2 dxe4 
22.Nd2 f5 23.dxe4 Rcd8 24.Nf3 Bc4 25.Qe1 Be6 26.exf5 Bxf5 27.Bxf5 Qxf5 28.
Qe3 Qf6 29.Qxc5 e4 30.Nd4 Rf8 31.h3 Nc4 32.Qh5 Rde8 33.Rg6 Qf2+ 34.Kh2 Re5
35.Qxh6 Rf7 36.Qc1 e3 37.b3 Qf4+ 38.Kh1 Nd2 39.Rg4 Qh6 40.Kh2 Rh5 41.Qc2 
Rf2 0-1

[Event "Continental"]
[Site "Sao Paulo BRA"]
[Date "2009.07.30"]
[Round "7.51"]
[White "Alvarez Ramirez, Miguel Angel"]
[Black "Chang, Suzana"]
[Result "1-0"]
[WhiteElo "2236"]
[BlackElo "2047"]
[EventDate "2009.07.25"]
[PlyCount "61"]

1.d4 Nf6 2.c4 g6 3.Nc3 Bg7 4.e4 d6 5.Nf3 O-O 6.Be2 Na6 7.O-O e5 8.Be3 Ng4 
9.Bg5 f6 10.Bh4 g5 11.Bg3 Nh6 12.d5 f5 13.exf5 Bxf5 14.Nd2 Nc5 15.f3 a5 
16.Nde4 b6 17.Bf2 Kh8 18.Be3 Nf7 19.a3 a4 20.Nxc5 bxc5 21.Nxa4 e4 22.fxe4 
Bxe4 23.Nc3 Bg6 24.Bd3 Qe7 25.Qd2 Bxd3 26.Qxd3 Ne5 27.Rxf8+ Rxf8 28.Qe4 
Qf7 29.h3 h6 30.Rc1 Qf5 31.b3 1-0

[Event "Continental"]
[Site "Sao Paulo BRA"]
[Date "2009.07.30"]
[Round "7.52"]
[White "Quintiliano Pinto, Renato Rodrigues"]
[Black "Assumpcao, Roberto"]
[Result "1-0"]
[WhiteElo "2059"]
[BlackElo "2234"]
[EventDate "2009.07.25"]
[PlyCount "63"]

1.e4 c5 2.Nf3 e6 3.Nc3 a6 4.d4 cxd4 5.Nxd4 Qc7 6.g3 Bb4 7.Ne2 Nf6 8.Bg2 
Be7 9.O-O Nc6 10.h3 b5 11.Nd4 Bb7 12.Re1 Nxd4 13.Qxd4 b4 14.Bf4 d6 15.Qxb4
e5 16.Be3 d5 17.Qb6 Qxb6 18.Bxb6 d4 19.Nd5 Rc8 20.c3 dxc3 21.bxc3 Nd7 22.
Ba5 Bc5 23.Rab1 Bxd5 24.exd5 Ke7 25.Rb7 Bd6 26.Bf1 Ra8 27.h4 Rhb8 28.Reb1 
Rxb7 29.Rxb7 Ke8 30.Bb4 Bxb4 31.cxb4 Kd8 32.Bh3 1-0

[Event "Continental"]
[Site "Sao Paulo BRA"]
[Date "2009.07.30"]
[Round "7.53"]
[White "Marques, Joao Paulo Cassemiro"]
[Black "Guimaraes, Diogo Duarte"]
[Result "1/2-1/2"]
[WhiteElo "1593"]
[BlackElo "2232"]
[EventDate "2009.07.25"]
[PlyCount "89"]

1.e4 e5 2.Nf3 Nf6 3.Nc3 Nc6 4.d4 exd4 5.Nxd4 Bb4 6.Nxc6 bxc6 7.Bd3 d5 8.
exd5 cxd5 9.O-O O-O 10.Bg5 c6 11.Qf3 Bd6 12.Rfe1 Rb8 13.Na4 Rb4 14.b3 Re8 
15.Bxf6 gxf6 16.Rxe8+ Qxe8 17.Qxf6 Qe6 18.Qg5+ Kf8 19.Qd8+ Kg7 20.Qg5+ Kf8
21.c4 h6 22.Qc1 Kg7 23.Qc3+ d4 24.Qxd4+ Be5 25.Qc5 Rxb3 26.axb3 Bxa1 27.
Qxa7 Qe1+ 28.Bf1 Bf5 29.Qe3 Qd1 30.Nc5 Bd4 31.Qg3+ Kh7 32.Nd3 c5 33.Qf3 
Qxf3 34.gxf3 Bxd3 35.Bxd3+ Kg7 36.Kg2 Be5 37.h3 Kf6 38.Kf1 Kg5 39.Ke2 Kf4 
40.Be4 Bd4 41.Bd5 f6 42.Bf7 Ke5 43.Kf1 Kf4 44.Kg2 Bc3 45.Be6 1/2-1/2

[Event "Continental"]
[Site "Sao Paulo BRA"]
[Date "2009.07.30"]
[Round "7.54"]
[White "Markzon, Gregory"]
[Black "Ferreira, Euclides Roberto"]
[Result "1-0"]
[WhiteElo "2231"]
[BlackElo "1960"]
[EventDate "2009.07.25"]
[PlyCount "85"]

1.d4 d5 2.c4 e6 3.Nc3 Nf6 4.cxd5 exd5 5.Bg5 c6 6.Qc2 Be7 7.e3 Nbd7 8.Bd3 
O-O 9.Nge2 Re8 10.O-O Ne4 11.Bf4 Nxc3 12.Bxh7+ Kh8 13.Nxc3 g6 14.Bxg6 fxg6
15.Nxd5 Nf6 16.Nxf6 Bxf6 17.Qxg6 Re6 18.Qh5+ Kg8 19.Be5 Bxe5 20.dxe5 Qe7 
21.f4 Qg7 22.Rf3 Rg6 23.f5 Rxg2+ 24.Kh1 Rg5 25.Qe8+ Qf8 26.Qxf8+ Kxf8 27.
e4 b6 28.Rg3 Rxg3 29.hxg3 Bb7 30.Kg2 c5 31.Kf3 Rd8 32.Re1 Rd2 33.e6 Kg7 
34.g4 Rxb2 35.Rd1 Bc6 36.Rd6 Bb5 37.g5 Rb1 38.Kf4 c4 39.Rd8 c3 40.Rc8 Rc1 
41.Rc7+ Kf8 42.Ke5 c2 43.Kf6 1-0

[Event "Continental"]
[Site "Sao Paulo BRA"]
[Date "2009.07.30"]
[Round "7.55"]
[White "Alvarez Marquez, Johann"]
[Black "Araujo, Jose Roberto"]
[Result "1-0"]
[WhiteElo "2431"]
[BlackElo "2142"]
[EventDate "2009.07.25"]
[PlyCount "68"]

1.d4 Nf6 2.c4 g6 3.Nc3 Bg7 4.e4 d6 5.Nf3 O-O 6.h3 e5 7.d5 a5 8.Bd3 Na6 9.
a3 Nc5 10.Bc2 Nh5 11.g3 f5 12.Be3 f4 13.Bxc5 fxg3 14.Be3 gxf2+ 15.Kxf2 
Qh4+ 16.Ke2 Ng3+ 17.Kd3 Qf6 18.Nd2 Nxh1 19.Qxh1 Qh4 20.Nb5 c6 21.Nxd6 cxd5
22.cxd5 Bd7 23.a4 Rab8 24.N2c4 Rf6 25.Rf1 Rxf1 26.Qxf1 Rf8 27.Qg2 Bxh3 28.
Qd2 Bf1+ 29.Kc3 Rf3 30.Bd3 Bxd3 31.Kxd3 Qe7 32.Qxa5 h5 33.Qa8+ Kh7 34.Qxb7
Qd8 1-0

[Event "Continental"]
[Site "Sao Paulo BRA"]
[Date "2009.07.30"]
[Round "7.56"]
[White "Monteiro Neto, Cesidio Rocha"]
[Black "Duarte, Leonardo"]
[Result "0-1"]
[WhiteElo "2145"]
[BlackElo "2373"]
[EventDate "2009.07.25"]
[PlyCount "47"]

1.e4 c5 2.Nf3 e6 3.d4 cxd4 4.Nxd4 Nc6 5.Nb5 d6 6.Bf4 e5 7.Be3 a6 8.N5c3 
Nf6 9.Bc4 Be6 10.Nd5 Bxd5 11.exd5 Nb8 12.a4 Be7 13.a5 Nbd7 14.Nc3 O-O 15.
O-O Ne8 16.Qd2 f5 17.f3 Rc8 18.b3 Bf6 19.Ra2 Qe7 20.Na4 e4 21.f4 h6 22.Kh1
Kh7 23.Rg1 g6 24.g3 0-1

[Event "Continental"]
[Site "Sao Paulo BRA"]
[Date "2009.07.30"]
[Round "7.57"]
[White "Della Morte, German"]
[Black "Schuett, Ricardo de Amorim"]
[Result "1-0"]
[WhiteElo "2372"]
[BlackElo "2123"]
[EventDate "2009.07.25"]
[PlyCount "93"]

1.e4 c5 2.Nf3 e6 3.d4 cxd4 4.Nxd4 Nf6 5.Nc3 Nc6 6.Ndb5 Bb4 7.a3 Bxc3+ 8.
Nxc3 d5 9.exd5 exd5 10.Bd3 O-O 11.O-O d4 12.Ne2 Qd5 13.b4 a6 14.Bb2 Bg4 
15.f3 Be6 16.Qe1 Rfd8 17.Qf2 Rac8 18.Rfd1 Bf5 19.Bxd4 Nxd4 20.Nxd4 Qxd4 
21.Qxd4 Rxd4 22.Bxf5 Rcd8 23.Rxd4 Rxd4 24.Re1 b6 25.Bd3 a5 26.bxa5 bxa5 
27.Bb5 g6 28.c4 h5 29.c5 Rd2 30.Re2 Rd1+ 31.Kf2 Rc1 32.c6 Nd5 33.Rd2 Ne7 
34.Rd6 Kf8 35.Ke2 Nf5 36.Rd8+ Ke7 37.Rd7+ Ke6 38.Ba4 Ne7 39.Bb3+ Kf6 40.c7
Rc3 41.Kd2 Rc5 42.Kd3 Rc6 43.h4 Rc5 44.g4 hxg4 45.fxg4 Nc8 46.Kd4 Rc1 47.
Rxf7# 1-0

[Event "Continental"]
[Site "Sao Paulo BRA"]
[Date "2009.07.30"]
[Round "7.58"]
[White "Livshits, Ron"]
[Black "Veit, Darlan Rodrigo"]
[Result "1-0"]
[WhiteElo "2332"]
[BlackElo "2105"]
[EventDate "2009.07.25"]
[PlyCount "47"]

1.d4 d5 2.c4 c6 3.Nc3 e6 4.Nf3 dxc4 5.e3 b5 6.a4 Bb4 7.Bd2 a5 8.axb5 Bxc3 
9.Bxc3 cxb5 10.b3 Bb7 11.bxc4 b4 12.Bb2 Nf6 13.Bd3 O-O 14.O-O Nbd7 15.Qc2 
Bxf3 16.gxf3 Qc7 17.f4 Rfb8 18.c5 g6 19.c6 Rc8 20.cxd7 Qxd7 21.Qe2 Nd5 22.
Ba6 Rcb8 23.Rxa5 Nc7 24.Rfa1 1-0

[Event "Continental"]
[Site "Sao Paulo BRA"]
[Date "2009.07.30"]
[Round "7.59"]
[White "Santiago, Yago de Moura"]
[Black "Prieto Sanabria, Ernesto"]
[Result "1-0"]
[WhiteElo "2327"]
[BlackElo "2104"]
[EventDate "2009.07.25"]
[PlyCount "35"]

1.Nf3 Nf6 2.g3 g6 3.Bg2 Bg7 4.O-O d5 5.d3 O-O 6.Nbd2 Nc6 7.c3 e5 8.e4 Re8 
9.h3 h6 10.a4 Be6 11.a5 a6 12.Qa4 Nd7 13.b4 d4 14.c4 Bf8 15.Ba3 b5 16.axb6
cxb6 17.Qc2 f6 18.c5 1-0

[Event "Continental"]
[Site "Sao Paulo BRA"]
[Date "2009.07.30"]
[Round "7.60"]
[White "Bispo, Leonardo"]
[Black "Matsuura, Frederico"]
[Result "0-1"]
[WhiteElo "2129"]
[BlackElo "2303"]
[EventDate "2009.07.25"]
[PlyCount "98"]

1.d4 Nf6 2.c4 e6 3.Nf3 d5 4.g3 Be7 5.Bg2 O-O 6.O-O b6 7.Nc3 Bb7 8.Ne5 Na6 
9.cxd5 exd5 10.Nd3 Re8 11.Bg5 Ne4 12.Bxe7 Qxe7 13.Nf4 c6 14.e3 Nc7 15.Re1 
Nxc3 16.bxc3 Nb5 17.c4 dxc4 18.Qa4 Nd6 19.e4 b5 20.Qb4 a5 21.Qc5 Nc8 22.
Qh5 Nb6 23.e5 Rad8 24.Rad1 Nd5 25.Be4 g6 26.Qf3 b4 27.h4 Nxf4 28.gxf4 Qxh4
29.f5 Rf8 30.Qg2 Kh8 31.fxg6 fxg6 32.Re3 Bc8 33.Bxc6 Bg4 34.Re4 h5 35.Rde1
Qe7 36.e6 Bf3 37.Qg3 Bxe4 38.Qe5+ Rf6 39.Rxe4 Kh7 40.Qc5 Rd6 41.Qxc4 Rfxe6
42.Qc5 Rxe4 43.Bxe4 Kg7 44.f3 Qd8 45.Kf2 Rxd4 46.Qe5+ Qf6 47.Qc7+ Kh6 48.
Ke3 Rd6 49.Kf2 Qh4+ 0-1

[Event "Continental"]
[Site "Sao Paulo BRA"]
[Date "2009.07.30"]
[Round "7.61"]
[White "Maia, Jose Eduardo Bastos"]
[Black "Sega, Carlos Alberto"]
[Result "1/2-1/2"]
[WhiteElo "2118"]
[BlackElo "2293"]
[EventDate "2009.07.25"]
[PlyCount "62"]

1.d4 Nf6 2.Nf3 e6 3.Bg5 c5 4.e3 Be7 5.Nbd2 b6 6.c3 Bb7 7.Bd3 cxd4 8.exd4 
d6 9.O-O Nbd7 10.Re1 O-O 11.Nf1 a6 12.Ng3 Re8 13.Bc2 Qc7 14.Qd3 Nf8 15.a3 
b5 16.h4 Bd5 17.Qe2 Qc6 18.Ne4 Nxe4 19.Bxe4 Bxe4 20.Qxe4 Qxe4 21.Rxe4 d5 
22.Re2 Bd6 23.Kf1 Rec8 24.Ne1 Nd7 25.Nd3 Nb6 26.Bf4 Bf8 27.Ke1 a5 28.Kd1 
Nc4 29.Kc2 Ra6 30.Kb3 Rb6 31.Bd2 h5 1/2-1/2

[Event "Continental"]
[Site "Sao Paulo BRA"]
[Date "2009.07.30"]
[Round "7.62"]
[White "Moyses Filho, Joao"]
[Black "Chemin, Justo Reinaldo"]
[Result "1-0"]
[WhiteElo "2118"]
[BlackElo "2278"]
[EventDate "2009.07.25"]
[PlyCount "171"]

1.e4 e5 2.Nf3 Nc6 3.Bb5 g6 4.Nc3 Bg7 5.d3 Nge7 6.Be3 d6 7.Qd2 O-O 8.h4 h5 
9.Ng5 a6 10.Bc4 b5 11.Bb3 Na5 12.f3 Nxb3 13.axb3 Bd7 14.Nh3 c6 15.Bh6 f5 
16.Bxg7 Kxg7 17.Ng5 c5 18.O-O f4 19.Ra2 Qb6 20.Kh2 Ra7 21.Rfa1 Bc8 22.Ra5 
b4 23.Ne2 Nc6 24.R5a4 Bd7 25.c3 a5 26.d4 cxd4 27.cxd4 Nd8 28.R4a2 Ne6 29.
Rd1 Nxg5 30.hxg5 Be6 31.Nc1 Rd7 32.d5 Bf7 33.Nd3 Ra7 34.Rc1 Rfa8 35.Rc6 
Qd8 36.Qf2 Be8 37.Rb6 Qe7 38.Ra1 Rc8 39.Rxb4 Rac7 40.Rxa5 Qxg5 41.Ne1 Rc1 
42.Ra7+ Kg8 43.Rc4 R8xc4 44.bxc4 Qg3+ 45.Qxg3 fxg3+ 46.Kxg3 Rxe1 47.Ra6 
Rc1 48.b3 Rc3 49.Rxd6 Rxb3 50.c5 Rc3 51.c6 Rc2 52.Re6 Kf7 53.Rxe5 Bxc6 54.
dxc6 Rxc6 55.Kf4 Rc2 56.g3 Rc3 57.Ra5 Rb3 58.Ra7+ Ke6 59.Ra6+ Kf7 60.Ra5 
Rc3 61.g4 hxg4 62.Kxg4 Rc1 63.Kg5 Rg1+ 64.Kf4 Rf1 65.Ra3 Ke6 66.e5 g5+ 67.
Kxg5 Kxe5 68.Re3+ Kd4 69.Kf4 Ra1 70.Re2 Kd5 71.Kf5 Ra8 72.Rd2+ Kc6 73.f4 
Rf8+ 74.Kg5 Rg8+ 75.Kh6 Rf8 76.Rf2 Kd6 77.Kg7 Rf5 78.Kg6 Ra5 79.Re2 Ra8 
80.f5 Kd7 81.Kf7 Kd6 82.f6 Ra7+ 83.Kf8 Ra1 84.f7 Ra3 85.Rg2 Ke6 86.Kg8 1-0

[Event "Continental"]
[Site "Sao Paulo BRA"]
[Date "2009.07.30"]
[Round "7.63"]
[White "Bibiloni, Jorge Jaime"]
[Black "Caldeira Marques, Adriano"]
[Result "1-0"]
[WhiteElo "2109"]
[BlackElo "2268"]
[EventDate "2009.07.25"]
[PlyCount "47"]

1.e4 e5 2.Nf3 Nc6 3.Bb5 a6 4.Ba4 d6 5.c3 Bd7 6.O-O Nge7 7.d4 Ng6 8.dxe5 
Ngxe5 9.Nxe5 Nxe5 10.f4 Bxa4 11.Qxa4+ Nc6 12.c4 Be7 13.Nc3 O-O 14.Rd1 Qc8 
15.Be3 f5 16.Nd5 Rf7 17.exf5 h5 18.Rac1 Bd8 19.c5 dxc5 20.Rxc5 Rxf5 21.Qe4
Rf8 22.h3 Bf6 23.Qf3 Bxb2 24.Rxc6 1-0

[Event "Continental"]
[Site "Sao Paulo BRA"]
[Date "2009.07.30"]
[Round "7.64"]
[White "Cordoba Ramirez, Carlos"]
[Black "Martinez, Daniel"]
[Result "1-0"]
[WhiteElo "2268"]
[BlackElo "2060"]
[EventDate "2009.07.25"]
[PlyCount "99"]

1.d4 Nf6 2.c4 c5 3.d5 b5 4.cxb5 a6 5.bxa6 Bxa6 6.Nc3 g6 7.g3 d6 8.Bg2 Bg7 
9.Nf3 Nbd7 10.h3 O-O 11.O-O Qb6 12.Qc2 Rfb8 13.Rb1 Bc4 14.Nd2 Ba6 15.b3 
Qa7 16.Re1 Ne5 17.Nf1 Rb4 18.Be3 Rab8 19.a3 R4b7 20.Nd2 Qa8 21.f4 Ned7 22.
Bf2 Rc7 23.e4 Nb6 24.Rec1 Bc8 25.Nb5 Rcb7 26.a4 Bd7 27.Na3 Rc8 28.Nac4 
Nxc4 29.Nxc4 Rcb8 30.Be1 Qa6 31.Bf1 Qa8 32.Bc3 Rd8 33.Bg2 Qc8 34.Kh2 Rf8 
35.a5 Bb5 36.e5 Ne8 37.Nb6 Qc7 38.b4 cxb4 39.Rxb4 Ba6 40.Qb2 Qd8 41.Bd4 
Nc7 42.exd6 Bxd4 43.dxc7 Rxc7 44.Rxd4 Rxc1 45.Qxc1 Qd6 46.Qe1 h5 47.h4 Qc5
48.Re4 Re8 49.Qb4 Qc2 50.Qa4 1-0

[Event "Continental"]
[Site "Sao Paulo BRA"]
[Date "2009.07.30"]
[Round "7.65"]
[White "Azevedo, Alcides Alexandre"]
[Black "Borda, Alan"]
[Result "1/2-1/2"]
[WhiteElo "2105"]
[BlackElo "2255"]
[EventDate "2009.07.25"]
[PlyCount "83"]

1.c4 d6 2.d4 e5 3.dxe5 dxe5 4.Qxd8+ Kxd8 5.Nf3 f6 6.Nc3 c6 7.e4 Be6 8.Be3 
Nd7 9.O-O-O Kc7 10.Be2 b6 11.a3 Bc5 12.Rxd7+ Bxd7 13.Bxc5 bxc5 14.Na4 Nh6 
15.Nxc5 Bg4 16.h3 Bxf3 17.Bxf3 Rhe8 18.Kc2 Rad8 19.b4 Rd6 20.Be2 Red8 21.
Nb3 f5 22.f3 f4 23.Rf1 Nf7 24.c5 Rg6 25.Rf2 Ng5 26.Bc4 Ne6 27.Bxe6 Rxe6 
28.Nd2 g5 29.Nc4 h5 30.Nd6 Rg8 31.a4 g4 32.hxg4 hxg4 33.Rd2 gxf3 34.gxf3 
Rg3 35.Rd3 Rg2+ 36.Kc3 Ra2 37.Kb3 Rf2 38.Nc4 a6 39.Nb6 Re7 40.Na8+ Kb7 41.
Nb6 Kc7 42.Na8+ 1/2-1/2

[Event "Continental"]
[Site "Sao Paulo BRA"]
[Date "2009.07.30"]
[Round "7.66"]
[White "Saito, Vinicius Ikezu"]
[Black "D`Israel, Davy Maurice"]
[Result "1/2-1/2"]
[WhiteElo "2080"]
[BlackElo "2240"]
[EventDate "2009.07.25"]
[PlyCount "199"]

1.e4 c5 2.Nf3 e6 3.d3 Nc6 4.g3 d5 5.Nbd2 g6 6.Bg2 Bg7 7.O-O Nge7 8.c3 O-O 
9.Qe2 b6 10.e5 Qc7 11.Re1 b5 12.h4 h6 13.Nf1 b4 14.Bf4 Kh7 15.N1h2 Qa5 16.
Qd2 bxc3 17.bxc3 Ba6 18.Ng4 Ng8 19.Qc2 Rac8 20.Bd2 Qc7 21.Bf4 Qa5 22.Bd2 
Qc7 23.Bf4 Qa5 24.Bd2 Kh8 25.Bf1 Rb8 26.Bf4 Rb7 27.Rab1 Rfb8 28.Rxb7 Rxb7 
29.Rc1 Qa3 30.Qd2 Rb2 31.Rc2 Rxc2 32.Qxc2 d4 33.cxd4 Nxd4 34.Nxd4 cxd4 35.
Nh2 Qc3 36.Qb1 Kh7 37.Nf3 Ne7 38.Bd2 Qc5 39.Bb4 Qb6 40.Qe1 Nd5 41.Bd6 Nc3 
42.a3 Bb7 43.Bg2 a5 44.Nd2 Bxg2 45.Kxg2 Qb2 46.Nc4 Qb7+ 47.Kg1 Qf3 48.Nb2 
g5 49.hxg5 hxg5 50.Bc7 a4 51.Bd6 Kg6 52.Kh2 g4 53.Kg1 Bh6 54.Bb4 Ne2+ 55.
Kh2 Bc1 56.Nxa4 Qxd3 57.Nc5 Qf3 58.Nb3 Bg5 59.Bd2 Bd8 60.Qb1+ Kg7 61.Be1 
Bg5 62.Nc5 Be7 63.Ne4 Qf5 64.Kg2 Qh5 65.Kf1 Nc3 66.Nxc3 Qh1+ 67.Ke2 Qf3+ 
68.Kf1 dxc3 69.Qc2 Bxa3 70.Qxc3 Qxc3 71.Bxc3 Kg6 72.f3 gxf3 73.Kf2 Bc1 74.
Kxf3 Kh5 75.Bd4 Kg5 76.Bc3 Kf5 77.Bd4 Bh6 78.g4+ Kg6 79.Bc3 Bc1 80.Bd4 Kg7
81.Bc3 Kf8 82.Ke4 Ke7 83.Bb4+ Kd7 84.Be1 Kc6 85.Bf2 Kb5 86.Be1 Kc4 87.Ba5 
Bb2 88.Be1 Kb3 89.Ba5 Kc2 90.Bb6 Kd1 91.Bf2 Ke2 92.Bh4 Kf1 93.Bg5 Kg2 94.
Bf4 Kh3 95.Kf3 Bd4 96.Bg3 Bg1 97.Be1 Bb6 98.Bg3 Bc7 99.Bf4 Bb8 100.Bg3 
1/2-1/2